000 00678nam a2200229Ia 4500
003 OSt
005 20220111160713.0
008 210716s2011 xx 000 0 und d
020 _a9788182813809
040 _cAIMIT LIBRARY
041 _aeng
082 _a001.42
_21
_bDASP
100 _aDash, Priyaranjan.
_912986
245 _aResearch Methodology with SPSS.
_cby Priyaranjan, Dash.
250 _a1st. ed . -
260 _aNew Delhi:
_bVrinda Publications Pvt Ltd,
_c2011.
300 _a600p. ; 23.5 cm.
650 _aResearch Methodology.
_912987
650 _aEthics in Research.
_912988
650 _aBusiness Research.
_912989
942 _2ddc
_cBK
_e1st
_k001.42 DASP
999 _c208069
_d208069